Nuclear law bulletin No. 68

Gespeichert in:
Bibliographische Detailangaben
Körperschaft: OECD. Nuclear Energy Agency
Format: Buch
Sprache:Englisch
Veröffentlicht: Paris OECD 2001
Schlagworte:
Tags: Tag hinzufügen
Keine Tags, Fügen Sie das erste Tag hinzu!

MARC

LEADER 00000nam a2200000 4500
001 c130821
005 20221124103550.9
020 |a 92-64-19110-0 
022 |a 0304-341X 
041 0 |a eng 
044 |a FR 
245 1 0 |a Nuclear law  |b bulletin No. 68 
264 1 |a Paris  |b OECD  |c 2001 
300 |a 97 s. 
610 2 0 |a zákony 
610 2 0 |a legislatíva 
610 2 0 |a predpisy právne 
610 2 0 |a energia atómová 
610 2 0 |a bezpečnosť jadrová 
610 2 0 |a rádioaktivita 
610 2 0 |a ochrana civilná 
610 2 0 |a politika medzinárodná 
610 2 0 |a zmluvy medzinárodné 
610 2 0 |a rozhodovanie 
610 2 0 |a štát 
610 2 0 |a porovnanie medzinárodné 
610 2 0 |a Európska únia 
710 2 |a OECD. Nuclear Energy Agency